[Event "Katrineholm"]
[Site "Katrineholm"]
[Date "1995.??.??"]
[Round "?"]
[White "Olafsson, Helgi"]
[Black "Sjoberg, Mats"]
[Result "0-1"]
[WhiteElo "2520"]
[BlackElo "2435"]

1.d4 Nf6 2.c4 e6 3.Nf3 Bb4+ 4.Bd2 Qe7 5.g3 Nc6 6.Nc3 Bxc3 7.Bxc3 Ne4 8.Rc1 d6
9.Bg2 O-O 10.O-O Nxc3 11.Rxc3 e5 12.d5 Nd8 13.Nd2 c5 14.dxc6 bxc6 15.b4 Rb8
16.a3 f5 17.Nb3 Be6 18.Qd2 Rc8 19.Na5 e4 20.f3 Nf7 21.fxe4 fxe4 22.Bxe4 Ng5
23.Rxf8+ Rxf8 24.Bf3 Qf6 25.Qe3 Bg4 26.Nxc6 Nxf3+ 27.exf3 Bxf3 28.Nd4 Bg4
29.Rc1 Bh3 30.Qf4 Qe7 31.Qd2 Qf6 32.Qf4 Qe7 33.Qd2 h6 34.Ne2 g5 35.Nc3 Qf6
36.Qe2 Qd4+ 37.Kh1 Rf2 38.Qe8+ Kg7 39.Re1 Bg2+ 40.Kg1 Re2+  0-1

[Event "Kemerovo2"]
[Site "Kemerovo"]
[Date "1995.??.??"]
[Round "6"]
[White "Mikhailov, V."]
[Black "Khasin, Alexander"]
[Result "0-1"]
[WhiteElo "2355"]
[BlackElo "2485"]

1.d4 Nf6 2.c4 e6 3.Nf3 Bb4+ 4.Bd2 Qe7 5.g3 Nc6 6.Nc3 O-O 7.Bg2 Bxc3 8.Bxc3 Ne4
9.Qc2 Nxc3 10.Qxc3 d6 11.O-O e5 12.d5 Nb8 13.e4 a5 14.Nd2 Nd7 15.b3 c6 16.a3 cxd5
17.cxd5 b5 18.b4 a4 19.Qe3 Nf6 20.Rfc1 Bd7 21.Rc7 Rfc8 22.Rac1 Qd8 23.Qc3 g6
24.Nb1 Ne8 25.Rxc8 Rxc8 26.Qe3 Rxc1+ 27.Qxc1 Qb6 28.Qc3 Kf8 29.Kf1 Ke7 30.Ke2 Bg4+
31.Bf3 Nf6 32.Qe3 Qc7 33.Qc3 Qd7 34.Bxg4 Qxg4+ 35.f3 Qh3 36.Qc7+ Nd7 37.Nc3 Qxh2+
38.Ke3 Qxg3 39.Qb7 Qe1+ 40.Kd3 Qf1+ 41.Kd2 Qf2+ 42.Kc1 Qxf3 43.Nxb5 Qe3+
44.Kb2 Qf2+ 45.Kc3 Qb6 46.Qxb6 Nxb6 47.Kd3 f5 48.Nc3 f4  0-1

[Event "Kiekrz op"]
[Site "Kiekrz"]
[Date "1995.??.??"]
[Round "1"]
[White "Lacrosse, Marc"]
[Black "Donrault, Patrick"]
[Result "1-0"]
[WhiteElo "2275"]
[BlackElo "2295"]

1.d4 Nf6 2.c4 e6 3.Nf3 Bb4+ 4.Bd2 Qe7 5.g3 O-O 6.Bg2 Bxd2+ 7.Qxd2 d6 8.Nc3 c6
9.e4 e5 10.O-O Bg4 11.Nh4 Na6 12.h3 Be6 13.b3 g6 14.Rae1 Nh5 15.Kh2 Nc7 16.Nf3 Rad8
17.dxe5 dxe5 18.Qe3 Bc8 19.Qxa7 Rd3 20.Re3 Rdd8 21.Rd1 Rxd1 22.Nxd1 f6 23.Nc3 Rd8
24.Re1 Ne6 25.Rd1 Rxd1 26.Nxd1 Qd7 27.Nb2 Nd4 28.Nxd4 exd4 29.Nd3 Ng7 30.Qb8 Ne6
31.h4 Qc7 32.Qxc7 Nxc7 33.f4 b6 34.Bh3 Bxh3 35.Kxh3 Kf7 36.Kg2 Ke6 37.Kf3 h5
38.b4 Na6 39.a4 Nc7 40.g4 hxg4+ 41.Kxg4 Ne8 42.f5+ Kf7 43.c5 bxc5 44.bxc5 Nc7
45.a5 Kg7 46.Kf4 Kh6 47.Nb4 Kh5 48.fxg6 Kxg6 49.a6 Kh5 50.a7 Kxh4 51.Kf5 Kg3
52.Kxf6 Kf4 53.e5 Ke3 54.e6 Kd2 55.Nxc6  1-0

[Event "Klatovy op"]
[Site "Klatovy"]
[Date "1995.??.??"]
[Round "2"]
[White "Pinc, Miroslav"]
[Black "Dolezal, Radoslav Jr"]
[Result "1-0"]
[WhiteElo "2210"]
[BlackElo "2260"]

1.d4 Nf6 2.c4 e6 3.Nf3 Bb4+ 4.Bd2 a5 5.a3 Bxd2+ 6.Qxd2 b6 7.Nc3 Bb7 8.d5 Na6
9.e4 Nc5 10.Qc2 d6 11.Be2 e5 12.O-O a4 13.Nd2 Bc8 14.f4 Bd7 15.f5 g5 16.Rae1 Kf8
17.Bd1 Qe8 18.Nf3 h6 19.Kh1 Ke7 20.Ng1 Ra5 21.Nge2 Nb3 22.Nb5 Bxb5 23.cxb5 Nc5
24.Nc3 h5 25.Qe2 g4 26.Qc4 Kd8 27.Bxa4 Nxa4 28.Nxa4 Nd7 29.Rc1 Ra7 30.Nc3 f6
31.Na2 h4 32.Nb4 Nb8 33.Ra1 Qg8 34.a4 c5 35.bxc6 Kc7 36.Qc3 Qg5 37.Nc2 Na6
38.Na3 Kb8 39.Nb5 Nc5 40.Rfe1 Rg7 41.b4 h3 42.g3 Nxe4 43.Rxe4 Qxf5 44.c7+  1-0

[Event "Klatovy op"]
[Site "Klatovy"]
[Date "1995.??.??"]
[Round "7"]
[White "Jankovec, Ivan"]
[Black "Kucera, Petr"]
[Result "1/2-1/2"]
[WhiteElo "2275"]
[BlackElo "2305"]

1.d4 Nf6 2.Nf3 e6 3.c4 Bb4+ 4.Bd2 Qe7 5.Nc3 Bxc3 6.Bxc3 Ne4 7.Qc2 f5 8.g3 b6
9.Bg2 Nxc3 10.Qxc3 Bb7 11.O-O O-O 12.Nd2  1/2-1/2

[Event "Clarin op"]
[Site "La Carlota"]
[Date "1995.??.??"]
[Round "6"]
[White "Tempone, Marcelo"]
[Black "Slipak, Sergio"]
[Result "1/2-1/2"]
[WhiteElo "2435"]
[BlackElo "2520"]

1.d4 Nf6 2.Nf3 e6 3.c4 Bb4+ 4.Bd2 Qe7 5.g3 Nc6 6.Bg2 Bxd2+ 7.Nbxd2 d6 8.O-O a5
9.e4 e5 10.d5 Nb8 11.Ne1 O-O 12.Nd3 Na6 13.f4 Ng4 14.Qe2 f6 15.f5 Nh6 16.b3 Bd7
17.Rfc1 Rfc8 18.a3 c6 19.g4 Qd8 20.h4 b5 21.Bf3 Nf7 22.cxb5 cxb5 23.Qe3 Rxc1+
24.Rxc1 Rc8 25.Nf1 Rxc1 26.Qxc1 Qb6+  1/2-1/2

[Event "La Coruna TH op"]
[Site "La Coruna"]
[Date "1995.??.??"]
[Round "7"]
[White "Brito, Alfredo"]
[Black "Sanz Alonso, Francisco Javier"]
[Result "1/2-1/2"]
[WhiteElo "2360"]
[BlackElo "2390"]

1.d4 Nf6 2.c4 e6 3.Nf3 Bb4+ 4.Bd2 c5 5.Bxb4 cxb4 6.g3 b6 7.Bg2 Bb7 8.O-O O-O
9.Qd3 Qe7 10.Nbd2 d6 11.e4 e5 12.Ne1 Nc6 13.d5 Nd4 14.Nc2 Nxc2 15.Qxc2 Qc7
16.a3 bxa3 17.Rxa3 a5 18.Rfa1 Nd7 19.b4 axb4 20.Rxa8 Rxa8 21.Rxa8+ Bxa8 22.Qa4 Bb7
23.Qxb4 Nc5 24.Nf1 Bc8 25.Qa3 g6 26.Ne3 Qb7 27.Qc1 f6 28.f4 Qa7 29.fxe5 fxe5
30.h3 Nb3 31.Qb2 Nc5 32.Kh2 Kg7  1/2-1/2

[Event "Lazne Bohdanec (Women)"]
[Site "Lazne Bohdanec"]
[Date "1995.??.??"]
[Round "?"]
[White "Krupkova, Petra"]
[Black "Saljova, Silvie"]
[Result "1/2-1/2"]
[WhiteElo "2195"]
[BlackElo "2235"]

1.d4 Nf6 2.Nf3 e6 3.c4 Bb4+ 4.Bd2 Qe7 5.g3 O-O 6.Bg2 Bxd2+ 7.Nbxd2 d6 8.e4 e5
9.d5 a5 10.O-O Nbd7 11.Qc2 Nc5 12.b3 c6 13.dxc6 bxc6 14.a3 Rb8 15.Rfb1 Nh5
16.Qc3 f5 17.Nh4 fxe4 18.Nxe4 Nxe4 19.Bxe4 Qc7 20.Rb2 Be6 21.Rd1 Nf6 22.Bg2 Bg4
23.Re1 Nd7 24.b4 axb4 25.axb4 Nb6 26.c5 dxc5 27.bxc5 Nd5 28.Bxd5+ cxd5 29.Rxb8 Rxb8
30.Qxe5 Qxe5 31.Rxe5 Rb1+ 32.Kg2 Bd7 33.Re7 Rb7 34.Re5 Rc7 35.Kf3 Kf7 36.Ke3 Rxc5
37.f4 g6 38.Kd4 Rc2 39.Nf3 h6 40.Rxd5 Be6 41.Ra5 Kf6 42.Ra6 Ra2 43.Rb6 Ke7
44.Ne5 g5 45.f5 Bxf5 46.Rxh6 Ra4+ 47.Kc3 Ra3+ 48.Kb4 Re3 49.Nc4 Re2 50.Kc5 Be6
51.Kd4 Bxc4 52.Kxc4 Kf7 53.Kd3  1/2-1/2

[Event "Leeuwarden op"]
[Site "Leeuwarden"]
[Date "1995.??.??"]
[Round "7"]
[White "Kharitonov, Andrei Y"]
[Black "Ulibin, Mikhail"]
[Result "1-0"]
[WhiteElo "2550"]
[BlackElo "2545"]

1.d4 e6 2.c4 Nf6 3.Nf3 Bb4+ 4.Bd2 Qe7 5.g3 Nc6 6.Nc3 Bxc3 7.Bxc3 Ne4 8.Rc1 O-O
9.Bg2 d6 10.d5 Nxc3 11.Rxc3 Nd8 12.dxe6 Nxe6 13.O-O Bd7 14.Re1 Bc6 15.e4 a5
16.Re2 Rad8 17.Ne1 Rfe8 18.Nc2 Qf6 19.Ne3 Nc5 20.f3 b6 21.Rc1 h5 22.h4 g6
23.b3 Qe5 24.Kh2 Bb7 25.Qd2 Rd7 26.Rce1 Rde7 27.Nd5 Bxd5 28.cxd5 Kh7 29.f4 Qg7
30.Bf3 f6 31.Qc2 b5 32.a3 b4 33.axb4 axb4 34.Qc4 Rb8 35.Re3 Qf8 36.Bg2 Ree8
37.e5 f5 38.R1e2 Rb6 39.Ra2 Re7 40.Bf3 Qb8 41.Ree2 Kh6 42.Kh3 Re8 43.Ra1 Rb7
44.Rea2 Qc8 45.Ra5 Qd7 46.Ra8 Qe7 47.R1a5 Reb8 48.R8a7 Rxa7 49.Rxa7 Qd7 50.Bd1 Qe7
51.Qd4 Qd7 52.e6 Qe7 53.Bc2 Kh7 54.Qa1 Rg8 55.Qa5 Rg7 56.Qxb4 Qf6 57.Qb8 Qd4
58.Ra8 Re7 59.Qg8+ Kh6 60.Qf8+ Qg7 61.Qxg7+ Kxg7 62.b4 Ne4 63.Bxe4 fxe4 64.b5  1-0

[Event "GER-ch U20"]
[Site "Leipzig"]
[Date "1995.??.??"]
[Round "2"]
[White "Fuhrmann, Daniel"]
[Black "Parulava, Temur"]
[Result "1-0"]
[WhiteElo "2275"]
[BlackElo "2285"]

1.d4 Nf6 2.c4 e6 3.Nf3 Bb4+ 4.Bd2 Bxd2+ 5.Qxd2 d6 6.Nc3 Nbd7 7.g3 O-O 8.Bg2 e5
9.O-O Qe7 10.Rac1 c6 11.Nh4 g6 12.e4 Nh5 13.d5 c5 14.Qh6 Ndf6 15.h3 Kh8 16.Qe3 Ng8
17.Ne2 Ng7 18.Qc3 g5 19.Nf3 f5 20.exf5 Bxf5 21.Rce1 Qf6 22.Nd2 Qg6 23.f4 exf4
24.gxf4 Rae8 25.fxg5 Qxg5 26.Ng3 Rxe1 27.Rxe1 Bd7 28.Nde4 Qg6 29.b4 b6 30.bxc5 bxc5
31.Rb1 h5 32.Rb7 Rf7 33.h4 Qg4 34.Nxd6 Rf4 35.Nde4 Qd1+ 36.Nf1 Rf7 37.Nxc5 Nf6
38.Nxd7 Nxd7 39.c5 Qe2 40.Rb2 Qe7 41.d6 Qxh4 42.c6 Nb6 43.c7 Nc8 44.Rb8 Qf2+
45.Kh1 Qe2 46.Rxc8+ Kh7 47.Rh8+ Kg6 48.Qg3+  1-0

[Event "GER-ch U20"]
[Site "Leipzig"]
[Date "1995.??.??"]
[Round "5"]
[White "Fuhrmann, Daniel"]
[Black "Ellers, Holger"]
[Result "1/2-1/2"]
[WhiteElo "2275"]
[BlackElo "2360"]

1.d4 e6 2.c4 Nf6 3.Nf3 Bb4+ 4.Bd2 Qe7 5.Nc3 Bxc3 6.Bxc3 Ne4 7.Qd3 Nxc3 8.Qxc3 a5
9.a3 O-O 10.e4 d6 11.Bd3 Nd7 12.e5 dxe5 13.Nxe5 Nxe5 14.dxe5 Bd7 15.Be4 Bc6
16.Bxc6 bxc6 17.O-O a4 18.Rad1 Rab8 19.Rd3 Qc5 20.Qc2 Qxe5 21.Qxa4 Rxb2 22.Qxc6 Rfb8
23.Qf3 Qc5 24.Rd7 Rf8 25.Qg3 Qxc4 26.Rxc7 Qa2 27.Rfc1 Rb1 28.Qe3 h6 29.h3 Ra8
30.Rxb1 Qxb1+ 31.Rc1 Qb2 32.Rc3 Qb1+ 33.Kh2 Qb8+ 34.Qg3 Qb2 35.Rb3 Qa2 36.Rb8+ Rxb8
37.Qxb8+ Kh7 38.Qa7 Qd5 39.a4 Qe5+ 40.g3 f5 41.Qe3 Qd5 42.Qe1 e5 43.a5 e4
44.Kg1 Qb5  1/2-1/2

[Event "Lenk op"]
[Site "Lenk"]
[Date "1995.??.??"]
[Round "7"]
[White "Gheorghiu, Florin"]
[Black "Gerber, Richard"]
[Result "1/2-1/2"]
[WhiteElo "2475"]
[BlackElo "2375"]

1.d4 Nf6 2.c4 e6 3.Nf3 Bb4+ 4.Bd2 a5 5.g3 O-O 6.Bg2 d6 7.O-O Bxd2 8.Qxd2 Nbd7
9.Nc3 e5 10.Rfd1 Re8 11.Qc2 Qe7 12.e3 Nb6 13.c5 dxc5 14.dxe5 Nfd7 15.Ne4 h6
16.e6 Qxe6 17.Nxc5 Qc6 18.Rac1 Qxc5 19.Qxc5 Nxc5 20.Rxc5 c6 21.Nd4 Rd8 22.Rcc1 Bg4  1/2-1/2

[Event "Linares op"]
[Site "Linares"]
[Date "1995.??.??"]
[Round "?"]
[White "Mecking, Henrique"]
[Black "Petursson, Margeir"]
[Result "1/2-1/2"]
[WhiteElo "2575"]
[BlackElo "2535"]

1.d4 Nf6 2.c4 e6 3.Nf3 Bb4+ 4.Bd2 c5 5.Bxb4 cxb4 6.Nbd2 O-O 7.e4 d6 8.Bd3 Nfd7
9.O-O e5 10.Re1 Nc6 11.d5 Ncb8 12.a4 Nc5 13.Bc2 Bg4 14.h3 Bxf3 15.Qxf3 Nbd7
16.Qe3 a5 17.b3 g6 18.Re2 Qf6 19.g3 Qg7 20.Rf1 Rae8 21.Ree1 Kh8 22.Kh1 Re7
23.f3 Ree8 24.Rf2 f5 25.exf5 gxf5 26.f4 Nf6 27.Rg1 Qh6 28.Bxf5 Nxd5 29.cxd5 Rxf5
30.Nc4 Ref8 31.Nxa5 exf4 32.Qd4+ R8f6 33.h4 f3 34.Re1 Qg7 35.Re8+ Rf8 36.Qxg7+ Kxg7
37.Re3 Rxd5 38.Rexf3 Rxf3 39.Rxf3 Rd1+ 40.Kg2 Rb1 41.Rf4 b6 42.Nc6 Rxb3 43.Nxb4 Nxa4
44.Nd5 Nc5 45.Nc7 Re3 46.Nd5 Rb3 47.Nc7  1/2-1/2

[Event "Linares zt"]
[Site "Linares"]
[Date "1995.??.??"]
[Round "2"]
[White "Piket, Jeroen"]
[Black "Renet, Olivier"]
[Result "1/2-1/2"]
[WhiteElo "2625"]
[BlackElo "2520"]

1.d4 Nf6 2.c4 e6 3.Nf3 Bb4+ 4.Bd2 Qe7 5.Nc3 O-O 6.g3 Nc6 7.Bg2 d5 8.O-O Rd8
9.cxd5 exd5 10.a3 Bxc3 11.Bxc3 Ne4 12.Rc1 Bf5 13.Nh4 Be6 14.Qd3 Nd6 15.e3 a5
16.Rfd1 f6 17.Be1 Qd7 18.Qc2 Rdc8 19.Bf1  1/2-1/2

[Event "Linares zt"]
[Site "Linares"]
[Date "1995.??.??"]
[Round "4"]
[White "Van der Sterren, Paul"]
[Black "Garcia Ilundain, David"]
[Result "1-0"]
[WhiteElo "2545"]
[BlackElo "2510"]

1.Nf3 Nf6 2.c4 e6 3.d4 Bb4+ 4.Bd2 a5 5.g3 d5 6.Bg2 dxc4 7.O-O O-O 8.Qc2 Nc6
9.Qxc4 Qd5 10.Qxd5 exd5 11.Bf4 Bg4 12.a3 Bd6 13.Bxd6 cxd6 14.Nc3 Bxf3 15.Bxf3 Nxd4
16.Bg2 Nb3 17.Rad1 d4 18.Nb5 Rac8 19.Nxd4 Nxd4 20.Rxd4 Rc2 21.Rb1 Rxe2 22.Rxd6 h5
23.Bf3 Rc2 24.Rb6 Ng4 25.Rf1 g6 26.Rxb7 Rd8 27.Rd1 Re8 28.Bxg4 hxg4 29.Rd4 Re1+
30.Kg2 Ree2 31.Rf4 f5 32.b4 Red2 33.bxa5 Rd1 34.h3 gxh3+ 35.Kxh3  1-0

[Event "Lippstadt"]
[Site "Lippstadt"]
[Date "1995.??.??"]
[Round "7"]
[White "Matthias, Heiner"]
[Black "Brenke, Andreas"]
[Result "1/2-1/2"]
[WhiteElo "2330"]
[BlackElo "2280"]

1.d4 Nf6 2.Nf3 e6 3.c4 Bb4+ 4.Bd2 Qe7 5.g3 Nc6 6.Nc3 O-O 7.Bg2 d6 8.O-O Re8
9.a3 Bxc3 10.Bxc3 e5  1/2-1/2

[Event "Ljubljana op"]
[Site "Ljubljana"]
[Date "1995.??.??"]
[Round "5"]
[White "Petrosian, Arshak B"]
[Black "Loginov, Vladimir"]
[Result "1/2-1/2"]
[WhiteElo "2435"]
[BlackElo "2525"]

1.d4 Nf6 2.c4 e6 3.Nf3 Bb4+ 4.Bd2 Qe7 5.g3 Nc6 6.Nc3 O-O 7.Bg2 Bxc3 8.Bxc3 Ne4
9.Qc2 f5 10.O-O d6 11.Nd2 Nxc3  1/2-1/2

[Event "Ljubljana op"]
[Site "Ljubljana"]
[Date "1995.??.??"]
[Round "8"]
[White "Soln, Primoz"]
[Black "Vospernik, Zdravko"]
[Result "1-0"]
[WhiteElo "2280"]
[BlackElo "2285"]

1.d4 Nf6 2.c4 e6 3.Nf3 Bb4+ 4.Bd2 Bxd2+ 5.Qxd2 b6 6.g3 Ba6 7.b3 c6 8.Bg2 d5
9.O-O Nbd7 10.Rc1 O-O 11.Qb2 Qe7 12.Nbd2 Rac8 13.b4 Rfd8 14.a4 c5 15.b5 Bb7
16.a5 dxc4 17.Nxc4 Bxf3 18.Bxf3 cxd4 19.Qxd4 Qb4 20.Rab1 Qa4 21.Qf4 bxa5
22.Bc6 Nd5 23.Qh4 N5b6 24.Ra1 Qb4 25.Nxa5 Qb2 26.Nb7 Rf8 27.Qe4 Nf6 28.Qc2 Qe5
29.Rxa7 Nbd5 30.Ra4 Nb6 31.Rh4 g5 32.Rb4 h5 33.Rb3 Nfd5 34.e4 Ne7 35.Rc3 Qd4
36.Rc5 f6 37.Qb3 Rf7 38.Qxe6 Ra8 39.Nd6 Ra2 40.Qxf7+ Kh8 41.Qxa2  1-0

[Event "POL-chT"]
[Site "Lubniewice"]
[Date "1995.??.??"]
[Round "8"]
[White "Kempinski, Robert"]
[Black "Grabarczyk, Miroslaw"]
[Result "1/2-1/2"]
[WhiteElo "2455"]
[BlackElo "2445"]

1.d4 Nf6 2.c4 e6 3.Nf3 Bb4+ 4.Bd2 Qe7 5.g3 Nc6 6.Bg2 Bxd2+ 7.Nbxd2 d6 8.O-O e5
9.d5 Nb8 10.e4 a5 11.b3 O-O 12.a3 Na6 13.b4 Bd7 14.Qb3 c6 15.dxc6 bxc6 16.Qc3 Bg4
17.Nh4 Rab8 18.Rfb1 Rfd8 19.Bf1 Ra8 20.h3 Be6 21.c5 axb4 22.axb4 Nc7 23.Rxa8 Rxa8
24.Nhf3 Nd7 25.cxd6 Qxd6 26.Rc1 Na6 27.Ra1 Nc7 28.Rc1 Na6 29.Qxc6 Qxc6 30.Rxc6 Nxb4
31.Rc7 f6 32.Bc4 Nf8  1/2-1/2

[Event "Lvov"]
[Site "Lvov"]
[Date "1995.??.??"]
[Round "9"]
[White "Sulipa, Aleksandar"]
[Black "Petrosian, Arshak B"]
[Result "1/2-1/2"]
[WhiteElo "2435"]
[BlackElo "2435"]

1.d4 Nf6 2.c4 e6 3.Nf3 Bb4+ 4.Bd2 Qe7 5.g3 Nc6 6.Bg2 Bxd2+ 7.Nbxd2 d6 8.O-O a5
9.e4 e5 10.d5 Nb8 11.Ne1 O-O 12.b3 Bg4 13.f3 Bd7 14.a3 Na6 15.Rb1 c6 16.dxc6 bxc6
17.Nd3 c5 18.f4 Nb8 19.b4 axb4 20.axb4 cxb4 21.Nxb4 Nc6 22.Nd5 Qd8 23.Kh1 Ne8
24.Nb3 Rb8 25.Qd2 exf4 26.gxf4 Qh4 27.Qc3 Ne7 28.Qg3 Ng6 29.Nd4 Rxb1 30.Rxb1 Qd8
31.Rg1 Ne7 32.Qh4 f6 33.Bh3 Ng6 34.Qg3 Bxh3 35.Qxh3 Nc7 36.f5 Ne5 37.Nxc7 Qxc7
38.Ne6 Qb7 39.Rxg7+ Qxg7 40.Nxg7 Kxg7 41.Qg3+ Kf7 42.Qh4 Kg7 43.Qg3+ Kf7
44.Qb3 Kg7 45.Qb6 Rf7 46.Qg1+ Kh8 47.Qd4 Kg7 48.h4 Rd7 49.Kg2 Rf7 50.Qd5 Rd7
51.Kg3 Rf7 52.Qe6 Rd7 53.Kg2 Rf7 54.Qc8 Re7 55.Kf2 Nf7 56.Kf3 Re5 57.Kf4 Rc5
58.Qe6 Re5 59.Qc8 Rc5 60.Qa6 Rc7 61.Ke3 Rc5 62.Kd4 Re5 63.Qa7 Kf8 64.Qb7 Kg7
65.Kc3 Rc5 66.Kb4 Re5 67.Kc3 Rc5 68.Qa7 Kf8 69.Kd4 Re5 70.Qa3 Kg7 71.Qg3+ Kf8
72.Qg2 Rc5 73.h5 Re5  1/2-1/2

[Event "Madras zt (Women)"]
[Site "Madras"]
[Date "1995.??.??"]
[Round "5"]
[White "Bindu, Saritha K"]
[Black "Navabi, Shirin"]
[Result "1-0"]
[WhiteElo "2090"]
[BlackElo "2000"]

1.d4 Nf6 2.Nf3 e6 3.c4 Bb4+ 4.Bd2 Qe7 5.g3 O-O 6.Bg2 Bxd2+ 7.Nbxd2 d6 8.O-O e5
9.e4 a5 10.d5 Na6 11.Ne1 Bg4 12.f3 Bd7 13.Nd3 b6 14.a3 Nc5 15.Qe2 Rfb8 16.Rfb1 Nxd3
17.Qxd3 a4 18.Qc3 Nh5 19.Rf1 Qg5 20.Rf2 Rf8 21.Raf1 Qe7 22.f4 Nf6 23.fxe5 dxe5
24.h3 Bc8 25.Rd1 Nd7 26.Nf1 Qd6 27.Ne3 Nc5 28.Nf5 Bxf5 29.Rxf5 Rfe8 30.Rdf1 f6
31.g4 Nd7 32.Kh1 Rf8 33.R1f2 Qe7 34.h4 g6 35.R5f3 Qd6 36.Bh3 g5 37.hxg5 fxg5
38.Qe3 h6 39.Rf5 Rxf5 40.Rxf5 Rf8 41.Qf3 Kg7 42.Bf1 Rf6 43.Kg2 Nc5 44.Be2 Nb3
45.Bd1 Nc5 46.Bc2 Qe7 47.Qd1 Qd7 48.Rxe5 Rf4 49.Rf5 Rxf5 50.gxf5 Kf8 51.Qd4 Qg7
52.f6 Qd7 53.e5 h5 54.Qd1 Qe8 55.e6 Nxe6 56.dxe6 Qxe6 57.Qxh5 Qc6+ 58.Qf3 Qxc4
59.Bg6 c6 60.Qe4 Qxe4+ 61.Bxe4 Kf7 62.Bxc6 Kxf6 63.Bxa4 Ke5 64.Be8 Kd4 65.b3 Kc3
66.Bf7 Kd4 67.Kg3 Kc5 68.Kg4 b5 69.Kxg5 Kb6 70.Kf5 Ka5 71.Ke5  1-0

[Event "Madrid-ch"]
[Site "Madrid"]
[Date "1995.??.??"]
[Round "11"]
[White "Barraza Caracel, Ignacio"]
[Black "Aranda Marin, Cristian"]
[Result "1-0"]
[WhiteElo "2230"]
[BlackElo "2245"]

1.d4 Nf6 2.c4 e6 3.Nf3 Bb4+ 4.Bd2 a5 5.Nc3 O-O 6.Qc2 d5 7.e3 Re8 8.Bd3 Nbd7
9.O-O c6 10.a3 Bd6 11.e4 dxc4 12.Bxc4 e5 13.h3 exd4 14.Nxd4 Nc5 15.Rfe1 Be5
16.Nf3 Qc7 17.Ng5 Re7 18.Be3 Ne6 19.Nf3 h6 20.Rad1 b5 21.Bxe6 Bxe6 22.Nxe5 Qxe5
23.f4 Qc7 24.e5 Nd5 25.Bc5 Ree8 26.Nxd5 Bxd5 27.Bd6 Qa7+ 28.Kh2 Rad8 29.f5 a4
30.Qc3 Qf2 31.Rg1 Qf4+ 32.Qg3 Qxf5 33.Rdf1 Qh5 34.Rf4 Re6 35.Rh4 Qe2 36.Rg4 g5
37.Re1 Qxb2 38.h4 f5 39.exf6 Rdxd6 40.Rxg5+ hxg5 41.Qxg5+ Kf8 42.Qg7+ Ke8
43.f7+  1-0

[Event "CRO-chT"]
[Site "Makarska Tucepi"]
[Date "1995.??.??"]
[Round "?"]
[White "Cvitan, Ognjen"]
[Black "Zelcic, Robert"]
[Result "1-0"]
[WhiteElo "2510"]
[BlackElo "2500"]

1.d4 Nf6 2.c4 e6 3.Nf3 Bb4+ 4.Bd2 Qe7 5.g3 O-O 6.Bg2 d5 7.O-O dxc4 8.Qc2 Nbd7
9.Bxb4 Qxb4 10.Nbd2 Nb6 11.a3 Qd6 12.e4 Qe7 13.Rfe1 Bd7 14.Nxc4 Nxc4 15.Qxc4 Rfc8
16.Rac1 a5 17.Ne5 Be8 18.d5 Nd7 19.Ng4 Nf8 20.Ne3 c6 21.dxe6 Qxe6 22.Qc3 Rd8
23.Nf5 Qf6 24.Qc2 Bd7 25.Ne3 Be6 26.f4 a4 27.e5 Qe7 28.Qf2 f5 29.Bf1 Kh8
30.Bc4 Ng6 31.Qc2 Bxc4 32.Qxc4 Rd2 33.Nxf5 Qd8 34.Qb4 Qd3 35.Qe4 Qb3 36.Nd6 Qb6+
37.Re3 Rd4 38.Qf3 Rf8 39.Qf2 Nxf4 40.gxf4 Rfxf4 41.Qe2 Qa5 42.Rf1  1-0

[Event "CRO-chT"]
[Site "Makarska Tucepi"]
[Date "1995.??.??"]
[Round "?"]
[White "Cebalo, Miso"]
[Black "Kovacevic, Vlatko"]
[Result "1-0"]
[WhiteElo "2515"]
[BlackElo "2505"]

1.d4 e6 2.Nf3 Nf6 3.c4 Bb4+ 4.Bd2 Qe7 5.g3 O-O 6.Bg2 Bxd2+ 7.Qxd2 d6 8.Nc3 e5
9.O-O Re8 10.e4 Bg4 11.d5 a5 12.b3 Na6 13.Qe3 Nc5 14.Nd2 c6 15.Rfc1 Bd7 16.Bf1 Reb8
17.a3 cxd5 18.cxd5 b5 19.b4 axb4 20.axb4 Na6 21.Rcb1 Qd8 22.Ra5 Nc7 23.Nb3 Ra6
24.Rc1 Rab6 25.Rca1 Qc8 26.Ra7 Ng4 27.Qd2 R6b7 28.Be2 Nf6 29.Bd3 Rxa7 30.Rxa7 Na6
31.Na2 Rb6 32.Qe3 Rb8 33.Qc1 Qxc1+ 34.Nbxc1 Rb6 35.f4 Kf8 36.fxe5 dxe5 37.Nb3 Bc8
38.Nc5 Ne8 39.Ra8 Nb8 40.Nc3 Nd6 41.Ra5 Bd7 42.Kf2 Be8 43.Ra7 Nc8 44.Ra8 Nd6
45.Ke3 Ke7 46.Ra7+ Kd8 47.Be2 Nd7 48.Bg4 Nf6 49.Bh3 h5 50.Nd3 Bd7 51.Bxd7 Nxd7
52.Nc5 Nf6 53.h3 g6 54.Kd3 Ke8 55.Ne2 g5 56.Ng1 g4 57.h4 Kf8 58.Ne2 Rb8 59.Nc1 Kg7
60.N1b3  1-0

[Event "CRO-chT"]
[Site "Makarska Tucepi"]
[Date "1995.??.??"]
[Round "?"]
[White "Varga, Zoltan"]
[Black "Franic, Milan"]
[Result "1/2-1/2"]
[WhiteElo "2535"]
[BlackElo "2385"]

1.d4 Nf6 2.c4 e6 3.Nf3 Bb4+ 4.Bd2 Qe7 5.g3 Bxd2+ 6.Qxd2 d5 7.Bg2 O-O 8.O-O Rd8
9.cxd5 exd5 10.Nc3 b6 11.Rac1 Bb7 12.Qf4 Na6 13.Rfd1 c5 14.Nh4 g6 15.Nf3 Nc7
16.Qh4 Kg7 17.dxc5 bxc5 18.Na4 Na6 19.e3 h6 20.Nc3 Bc6 21.g4 Rab8 22.Rc2 Rb4
23.h3 d4 24.exd4 cxd4 25.Nb1 Bxf3 26.Bxf3 d3 27.Rcd2 Nc5 28.Nc3 Rbd4 29.Qg3 Nh7
30.Bg2 Ng5 31.Qe3 Nge6 32.b4 Rxb4 33.Nd5 Rxd5 34.Bxd5 Qd6 35.Bxe6 fxe6 36.Rxd3 Nxd3
37.Rxd3 Rb1+ 38.Kg2 Qc6+ 39.Qf3 Qxf3+ 40.Kxf3 a5 41.Rd7+ Kf6 42.Ra7 Rb5 43.h4 Rc5
44.Rh7 Rc3+ 45.Ke4 Rc4+ 46.Kf3 Rc3+ 47.Kg2 Ra3 48.Rxh6 Kg7 49.g5 e5 50.h5 gxh5
51.Re6 Rxa2 52.Rxe5 Ra4 53.f4 Rxf4 54.Rxa5 Kg6 55.Kg3 Rg4+ 56.Kh3 Rxg5 57.Rxg5+ Kxg5
58.Kh2 h4 59.Kh1 h3 60.Kh2 Kf4 61.Kxh3  1/2-1/2

[Event "CRO-chT"]
[Site "Makarska Tucepi"]
[Date "1995.??.??"]
[Round "?"]
[White "Dizdarevic, Emir"]
[Black "Lalic, Bogdan"]
[Result "1/2-1/2"]
[WhiteElo "2500"]
[BlackElo "2590"]

1.d4 Nf6 2.c4 e6 3.Nf3 Bb4+ 4.Bd2 c5 5.Bxb4 cxb4 6.a3 bxa3 7.b4 Qe7 8.Qb3 O-O
9.e3 d6 10.Be2 e5  1/2-1/2

[Event "Manresa"]
[Site "Manresa"]
[Date "1995.??.??"]
[Round "5"]
[White "Garcia Ilundain, David"]
[Black "Spraggett, Kevin"]
[Result "1/2-1/2"]
[WhiteElo "2510"]
[BlackElo "2530"]

1.d4 Nf6 2.Nf3 e6 3.c4 Bb4+ 4.Bd2 a5 5.g3 d6 6.Bg2 Nbd7 7.O-O e5 8.e3 Bxd2
9.Qxd2 c6 10.Nc3 e4 11.Ng5 d5 12.cxd5 cxd5 13.Nh3 Nb6 14.Nf4  1/2-1/2

[Event "Marostica op"]
[Site "Marostica"]
[Date "1995.??.??"]
[Round "7"]
[White "Bertacco, Piero"]
[Black "Perezzani, Stefano"]
[Result "1/2-1/2"]
[WhiteElo "1745"]
[BlackElo "1985"]

1.d4 e6 2.Nf3 Nf6 3.c4 Bb4+ 4.Bd2 Qe7 5.a3 Bxd2+ 6.Nbxd2 d6 7.e3 O-O 8.Be2 e5
9.dxe5 dxe5 10.Qc2 Nc6 11.Nb3 Bg4 12.O-O Rfe8 13.Rad1 a5 14.Rfe1 g6 15.Nfd2 Bf5
16.Bd3 e4 17.Be2 a4 18.Nc1 Qc5 19.Na2 Ne5 20.Nb4 Qe7 21.Nf1 c6 22.Ng3 Qe6
23.Nxf5 Qxf5 24.f4 Neg4 25.Bxg4 Qxg4 26.Rd6 Qf5 27.Qe2 Rad8 28.Red1 Rxd6
29.Rxd6 Ng4 30.Rd1 Nf6 31.Nc2 Qc5 32.Nd4 Rb8 33.g4  1/2-1/2

[Event "Fide Mercenarios 8th"]
[Site "MEX"]
[Date "1995.??.??"]
[Round "5"]
[White "Hack, Bolivar"]
[Black "Vargas, JL."]
[Result "1-0"]
[WhiteElo "2015"]
[BlackElo "2000"]

1.d4 Nf6 2.c4 e6 3.Nf3 Bb4+ 4.Bd2 Qe7 5.a3 Bxd2+ 6.Qxd2 Ne4 7.Qc2 f5 8.Nc3 Ng5
9.h4 Nxf3+ 10.exf3 O-O 11.Bd3 Nc6 12.Ne2 Qf6 13.Qc3 e5 14.dxe5 Nxe5 15.O-O-O f4
16.Nd4 d6 17.Be4 c6 18.Qc2 h6 19.g4 fxg3 20.fxg3 Be6 21.b3 Bf7 22.Nf5 d5
23.Bd3 Nxd3+ 24.Qxd3 dxc4 25.bxc4 Rad8 26.Nd6 Bg6 27.Qd4 Rxd6 28.Qxd6 Qc3+  1-0

[Event "Minsk"]
[Site "Minsk"]
[Date "1995.??.??"]
[Round "4"]
[White "Dydyshko, Viacheslav"]
[Black "Taimanov, Mark E"]
[Result "1/2-1/2"]
[WhiteElo "2495"]
[BlackElo "2505"]

1.d4 Nf6 2.c4 e6 3.Nf3 Bb4+ 4.Bd2 a5 5.g3 d5 6.Bg2 Nc6 7.a3 Be7 8.Qc2 O-O
9.Bf4 dxc4 10.Qxc4 Nd5 11.Nc3 Nxf4 12.gxf4 Bd6 13.O-O Ne7 14.Ne5 c6 15.Ne4 Nd5
16.Nxd6 Qxd6 17.e3 f6  1/2-1/2

[Event "Moscow (Women)"]
[Site "Moscow"]
[Date "1995.??.??"]
[Round "?"]
[White "Sidorova, Elena"]
[Black "Zhukova, Natalia"]
[Result "1/2-1/2"]
[WhiteElo "2055"]
[BlackElo "2260"]

1.d4 Nf6 2.c4 e6 3.Nf3 Bb4+ 4.Bd2 Qe7 5.g3 Nc6 6.Bg2 Bxd2+ 7.Nbxd2 d6 8.O-O O-O
9.Re1 e5 10.d5 Nb8 11.e4 a5 12.b3 Ne8 13.Qc2 Na6 14.a3 f5 15.exf5 Bxf5 16.Ne4 Nf6
17.Nfd2 Ng4 18.Qc3 Qf7 19.f3 Nh6 20.b4 b6 21.Rad1 axb4 22.axb4 Bd7 23.Ra1 Nf5
24.Nf2 Nd4 25.Ra2 c5 26.dxc6 Bxc6 27.Nfe4 d5 28.Nd6 Qf6 29.cxd5 Bxd5 30.N6e4 Qe7
31.Rb2 Rfc8 32.Qd3 Nxb4 33.Nf6+ Qxf6 34.Rxb4 Rf8 35.Reb1 b5 36.Ne4 Bxe4 37.Qxe4 Ra2
38.Kh1 Kh8 39.h3 h6 40.R4b2 Ra3 41.Re1 Qb6 42.Qxe5 Nxf3 43.Bxf3 Raxf3 44.Rxb5 Qf2
45.Rb8 Qxe1+ 46.Qxe1 Rxb8 47.Kg2 Ra3 48.h4 Rab3 49.Qe6 R3b6 50.Qf7 Rf6 51.Qd5 Re8
52.Qd7 Re2+ 53.Kh3 Re3 54.Qc8+ Kh7 55.h5 Rff3 56.Qb8 Rxg3+ 57.Qxg3 Rxg3+
58.Kxg3 Kg8 59.Kg4 Kf8 60.Kf4  1/2-1/2